Abbild: recent portraiture and depiction ; [6.10. - 16.12.2001, Landesmuseum Joanneum, Graz ; Ausstellung "Abbild - Recent Portraiture and Depiction"]
| Corporate Authors: | ; ; |
|---|---|
| Contributors: | |
| Format: | Print Image |
| Language: | German English |
| Subito Delivery Service: | Order now. |
| Check availability: | HBZ Gateway |
| WorldCat: | WorldCat |
| Interlibrary Loan: | Interlibrary Loan for the Fachinformationsdienste (Specialized Information Services in Germany) |
| Published: |
Wien New York
Springer
2001
|
| In: | Year: 2001 |
| Standardized Subjects / Keyword chains: | B
Steirischer Herbst (2001 : Graz)
/ Image
/ Art
/ History 1965-2001
|
| Further subjects: | B
Exhibition catalog
B Portraits (Austria) (Graz) Exhibitions B Portrait photography (Austria) (Graz) Exhibitions B Portrait painting (Austria) (Graz) Exhibitions B Art, Modern 20th century Exhibitions B Althamer, Paweł (1967-) Exhibitions |
| Online Access: |
Table of Contents |
MARC
| LEADER | 00000cam a2200000 c 4500 | ||
|---|---|---|---|
| 001 | 337569258 | ||
| 003 | DE-627 | ||
| 005 | 20260218100656.0 | ||
| 007 | tu | ||
| 008 | 011130s2001 au ||||| c 00| ||ger c | ||
| 015 | |a 02,A04,1013 |2 dnb | ||
| 016 | 7 | |a 963042785 |2 DE-101 | |
| 020 | |a 3211837221 |q Ln. | ||
| 024 | 3 | |a 9783211837221 | |
| 035 | |a (DE-627)337569258 | ||
| 035 | |a (DE-576)097836826 | ||
| 035 | |a (DE-599)GBV337569258 | ||
| 035 | |a (OCoLC)237495467 | ||
| 035 | |a (OCoLC)237495467 | ||
| 035 | |a (JUB)b10341377 | ||
| 040 | |a DE-627 |b ger |c DE-627 |e rakwb | ||
| 041 | |a ger |a eng | ||
| 044 | |c XA-AT |c XD-US | ||
| 050 | 0 | |a N7592.6 | |
| 082 | 0 | |a 709.04 A124 2001 |q OCLC | |
| 084 | |a 46 |2 sdnb | ||
| 084 | |a 47 |a 46 |2 sdnb | ||
| 084 | |a 9,11 |2 ssgn | ||
| 084 | |a 9,11 |a 1 |2 ssgn | ||
| 084 | |a LH 84160 |q OBV |2 rvk |0 (DE-625)rvk/95285: | ||
| 084 | |a LH 70450 |2 rvk |0 (DE-625)rvk/94828: | ||
| 084 | |a LH 43310 |q OBV |2 rvk |0 (DE-625)rvk/93505: | ||
| 084 | |a 20.24 |2 bkl | ||
| 245 | 0 | 0 | |a Abbild |b recent portraiture and depiction ; [6.10. - 16.12.2001, Landesmuseum Joanneum, Graz ; Ausstellung "Abbild - Recent Portraiture and Depiction"] |c [Steirischer Herbst 2001]. Hrsg. Peter Pakesch |
| 263 | |a Gewebe | ||
| 264 | 1 | |a Wien |a New York |b Springer |c 2001 | |
| 300 | |a 257 S. |b zahlr. Ill. |c 30 cm | ||
| 336 | |a Text |b txt |2 rdacontent | ||
| 336 | |a unbewegtes Bild |b sti |2 rdacontent | ||
| 337 | |a ohne Hilfsmittel zu benutzen |b n |2 rdamedia | ||
| 338 | |a Band |b nc |2 rdacarrier | ||
| 500 | |a Text dt. und engl | ||
| 505 | 8 | 0 | |t On the exhibition |r Peter Pakesch |
| 505 | 8 | 0 | |t What is before the portrait and what comes behind it |r Alexander Marzahn |
| 505 | 8 | 0 | |t Pictures many - original (n)one? Aspects of the portrait today |r Anne Krauter |
| 505 | 8 | 0 | |t Camera |r Ingo Niermann |
| 505 | 8 | 0 | |t picturessence |r Sissi Tax |
| 505 | 8 | 0 | |t Aesthetics of the portrait |r Georg Simmel |
| 505 | 8 | 0 | |t Human face |r Antonin Artaud |
| 505 | 8 | 0 | |t Image |r Samuel Beckett |
| 505 | 8 | 0 | |t Portraits/genre: Thomas Struth |r Benjamin H.D. Buchloh |
| 505 | 8 | 0 | |t Eigenfaces for recognition. Vision and Modeling Group - The Media Laboratory; Massachusetts Institute of Technology |r Alex Pentland, Matthew Turk. |
| 546 | |a Parallel texts in German and English | ||
| 583 | 1 | |a Archivierung prüfen |c 20240324 |f DE-4165 |z 2 |2 pdager | |
| 600 | 1 | 0 | |a Althamer, Paweł |d 1967- |v Exhibitions |
| 601 | |a Ausstellung | ||
| 650 | 0 | |a Portraits |z Austria |z Graz |v Exhibitions | |
| 650 | 0 | |a Portrait painting |z Austria |z Graz |v Exhibitions | |
| 650 | 0 | |a Portrait photography |z Austria |z Graz |v Exhibitions | |
| 650 | 0 | |a Art, Modern |y 20th century |v Exhibitions | |
| 655 | 7 | |a Ausstellungskatalog |0 (DE-588)4135467-9 |0 (DE-627)10566491X |0 (DE-576)209660988 |2 gnd-content | |
| 689 | 0 | 0 | |d f |0 (DE-588)10029748-1 |0 (DE-627)336199880 |0 (DE-576)198859635 |2 gnd |a Steirischer Herbst |d 2001 |c Graz |
| 689 | 0 | 1 | |d s |0 (DE-588)4006627-7 |0 (DE-627)106376888 |0 (DE-576)208866353 |2 gnd |a Bildnis |
| 689 | 0 | 2 | |d s |0 (DE-588)4114333-4 |0 (DE-627)105822957 |0 (DE-576)209483733 |2 gnd |a Kunst |
| 689 | 0 | 3 | |q z |2 gnd |a Geschichte 1965-2001 |
| 689 | 0 | |5 DE-101 | |
| 700 | 1 | |8 1\p |e Hrsg. |0 (DE-588)174254857 |0 (DE-627)699143128 |0 (DE-576)135084474 |4 edt |a Pakesch, Peter |d 1955- | |
| 710 | 2 | |0 (DE-588)2022919-7 |0 (DE-627)102114307 |0 (DE-576)191757861 |4 oth |a Steiermärkisches Landesmuseum Joanneum | |
| 711 | 2 | |0 (DE-588)10029748-1 |0 (DE-627)336199880 |0 (DE-576)198859635 |4 oth |a Steirischer Herbst |d 2001 |c Graz | |
| 711 | 2 | |0 (DE-588)6110499-1 |0 (DE-627)337569657 |0 (DE-576)316252840 |4 oth |a Ausstellung Abbild - Recent Portraiture and Depiction |d 2001 |c Graz | |
| 856 | 4 | 2 | |u https://swbplus.bsz-bw.de/bsz097836826inh.htm |m B:DE-576;DE-16 |q application/pdf |v 20091126175056 |x Verlag |3 Inhaltsverzeichnis |7 1 |
| 883 | |8 1\p |a cgwrk |d 20241001 |q DE-101 |u https://d-nb.info/provenance/plan#cgwrk | ||
| 889 | |w (DE-576)478184476 | ||
| 935 | |a mteo | ||
| 935 | |i Blocktest | ||
| 936 | r | v | |a LH 84160 |b Allgemeines |k Kunstgeschichte |k Allgemeines. Allgemeine Kunstgeschichte |k Kunstgeschichte einzelner Gattungen der Kunst |k Ikonographie, Ikonologie |k Weltliche Ikonographie |k Der Mensch |k Porträt (auch szenisches Bildnis) |k Allgemeines |0 (DE-627)1270654047 |0 (DE-625)rvk/95285: |0 (DE-576)200654047 |
| 936 | r | v | |a LH 70450 |b Porträt |k Kunstgeschichte |k Allgemeines. Allgemeine Kunstgeschichte |k Kunstgeschichte einzelner Gattungen der Kunst |k Malerei |k Gegenstände (Darstellungen nichtikonographischen Charakters) |k Porträt |0 (DE-627)1271028514 |0 (DE-625)rvk/94828: |0 (DE-576)201028514 |
| 936 | r | v | |a LH 43310 |b Graz |k Kunstgeschichte |k Allgemeines. Allgemeine Kunstgeschichte |k Ausstellungswesen, Ausstellungskataloge |k Ausstellungskataloge |k Orte G |k Graz |0 (DE-627)1270787241 |0 (DE-625)rvk/93505: |0 (DE-576)200787241 |
| 936 | b | k | |a 20.24 |j Gesellschaft |j Kultur |x Ikonographie |0 (DE-627)106423622 |
| 951 | |a BO | ||
| ELC | |b 1 | ||
| ORI | |a TA-MARC-ixtheo_oa001.raw | ||
| REF | |a Kunstgeschichte | ||
| REL | |a 1 | ||
| STA | 0 | 0 | |a Art,Art,Visual art,Image,Portrait |
| STB | 0 | 0 | |a Art,Art,Portrait |
| STC | 0 | 0 | |a Arte,Arte,Retrato |
| STD | 0 | 0 | |a Arte,Arte,Ritratto |
| STE | 0 | 0 | |a 肖像,艺术 |
| STF | 0 | 0 | |a 肖像,藝術 |
| STG | 0 | 0 | |a Arte,Arte,Retrato |
| STH | 0 | 0 | |a Искусство (мотив),Искусство,Портрет |
| STI | 0 | 0 | |a Προσωπογραφία,Πορτρέτο,Τέχνη (μοτίβο),Τέχνη |
| SUB | |a REL | ||
| SYG | 0 | 0 | |a Porträt,Portrait , Bildende Kunst,Kunstdenkmal |
| TIM | |a 100019650101_100020011231 |b Geschichte 1965-2001 | ||